Alphabetical catalogue of Library of Department of Interior, including additions made from Dec. 31, 1874 to May 31, 1877.

Bibliographic Details
Corporate Author: Library, Interior Department
Format: Government Document eBook
Language:English
Published: Washington, D.C. : U.S. Government Printing Office, 1877.
Subjects:
Online Access:Connect to the full text of this electronic document

MARC

Tag First Indicator Second Indicator Subfields
LEADER 00000cam a22000001a 4500
001 in00003623913
005 20190408171359.0
006 m o d f
007 cr bn mmmapmmp
008 010108s1877 dcu o f000 0 eng d
035 |a ebd1909302946 
040 |a UMI  |c UMI  |d UtOrBLW 
043 |a n-us--- 
086 0 |a I 22.5:877 
099 |a I2205-4 
245 0 0 |a Alphabetical catalogue of Library of Department of Interior, including additions made from Dec. 31, 1874 to May 31, 1877. 
264 1 |a Washington, D.C. :  |b U.S. Government Printing Office,  |c 1877. 
300 |a 1 online resource (217 pages) 
336 |a text  |b txt  |2 rdacontent 
337 |a computer  |b c  |2 rdamedia 
338 |a online resource  |b cr  |2 rdacarrier 
500 |a Record is based on bibliographic data in ProQuest U.S. Executive Branch Documents, 1789-1909. Reuse except for individual research requires license from ProQuest, LLC. 
500 |a With Library rules. 
533 |a Electronic reproduction.  |b [Bethesda, Md.] :  |c ProQuest,  |d 2012.  |e digital, PDF file.  |n ProQuest U.S. Executive Branch Documents, 1789-1909.  |n Mode of access: World Wide Web via ProQuest website. 
538 |a System requirements: PDF reader software. 
500 |a Electronic resource. 
610 1 0 |a United States.  |b Department of the Interior.  |b Library  |v Catalogs. 
655 7 |a Electronic books.  |2 local 
710 2 |a Library, Interior Department. 
776 1 8 |i Microfiche version:  |t Alphabetical catalogue of Library of Department of Interior, including additions made from Dec. 31, 1874 to May 31, 1877  |o CIS US Exec MF I2205-4  |w (ProQuest)cis19032241 
856 4 0 |u http://proxy.library.tamu.edu/login?url=http://congressional.proquest.com/congressional/docview/t66.d71.i2205-4  |z Connect to the full text of this electronic document  |t 0 
999 f f |s c8e0ba55-2589-3050-ab2b-dca498be421c  |i c0cda723-fdb3-3159-924f-36e5787fb55b  |t 0 
952 f f |a Texas A&M University  |b College Station  |c Electronic Resources  |d Available Online  |t 0  |h No information provided 
998 f f |t 0  |l Available Online